01347cam a2200325Ia 4500001001500000003000900015005001700024006001900041007000700060008004100067020003200108040002300140090002200163092001400185245012600199260003600325300002600361504005100387505020700438530003600645538003600681650004300717650004800760655002800808700002300836700002200859776005600881856006700937999001701004CRC0KE16669PDFBD-DhSAU20151012144303.0m|||||o||d||||||||cr||||130819s2010 flua obf 001 0 eng d a9781466515154 (ebook : PDF) aBD-DhSAUcBD-DhSAU aQH345b.H347 2010 a572bH23600aHandbook of biochemistry and molecular biologyh[electronic resource] /cedited by Roger L. Lundblad, Fiona M. Macdonald. aBoca Raton :bCRC Press,c2010. axvii, 1080 p. :bill. aIncludes bibliographical references and index.0 asection 1. Amino acids, peptides, and proteins -- section 2. Lipids -- section 3. Vitamins and coenzymes -- section 4. Nucleic acids -- section 5. Carbohydrates -- section 6. Physical and chemical data. aAlso available in print format. aMode of access: World Wide Web. 0aBiochemistryvHandbooks, manuals, etc. 0aMolecular biologyvHandbooks, manuals, etc. 7aElectronic books.2lcsh1 aLundblad, Roger L.1 aMacdonald, Fiona.08z9780849391682 (alk. paper)z0849391687 (alk. paper)40uhttp://marc.crcnetbase.com/isbn/9781466515154qapplication/PDF c11468d11467